00281nam a2200109Ia 4500008004100000082001500041100001700056245004700073260003700120300000600157650000800163191201s2007 xx 000 0 und d a658.5bMAO aMAHADEVAN, B 0aOperations Management: Theory and Practice aN.DelhibPearson Educationc2007 a- aMBA